[Event "Challenge"]
[Site "http://www.queenalice.com/game.php?id=719473"]
[Date "2010.1.24"]
[Round "-"]
[White "Balneolais"]
[Black "Zwaanman"]
[Result "1-0"]
[WhiteElo "979"]
[BlackElo "1496"]

1. Nf3 e6 2. a3 c6 3. c4 g6 4. Nc3 Na6 5. e4 Nc5 6. d3 Na6 7. Be3 Qf6 8. Be2 d5
9. e5 Qd8 10. cxd5 cxd5 11. d4 Qb6 12. b4 Qd8 13. O-O Bh6 14. Qd2 Bxe3 15. fxe3
Ne7 16. e4 dxe4 17. Nxe4 f5 18. Nf6+ Kf7 19. Qh6 Qf8 20. Ng5# 1-0

[Event "cock cup"]
[Site "http://www.queenalice.com/game.php?id=724604"]
[Date "2010.2.2"]
[Round "-"]
[White "purplereign"]
[Black "Zwaanman"]
[Result "1-0"]
[WhiteElo "1363"]
[BlackElo "1518"]

1. e4 e5 2. Bc4 Nc6 3. Qf3 f6 4. Qb3 Na5 5. Bf7+ Ke7 6. Qd5 c6 7. Qd3 Kxf7 8.
Nc3 b5 9. a3 Nh6 10. Nh3 g5 11. f3 Ba6 12. b4 Nb7 13. O-O c5 14. bxc5 b4 15.
Qxa6 bxc3 16. Qxb7 Bxc5+ 17. Nf2 Bd4 18. Qb3+ Ke8 19. dxc3 Rb8 20. Qc4 Rc8 21.
Qd5 Bxc3 22. Ra2 Ba5 23. c4 Rg8 24. Rd1 Kf8 25. Bd2 Bxd2 26. Raxd2 Nf7 27. Qb7
Nd6 28. Rxd6 Rg7 29. Rxf6+ Rf7 30. Rf5 Rxf5 31. exf5 Rxc4 32. Qxa7 d5 33. Qxh7
Ke8 34. Nd3 Rd4 35. Qg8+ Kd7 36. Qf7+ Qe7 37. Qh5 Rh4 38. Qg6 Rh8 39. Rb1 Rc8
40. Rb7+ Rc7 41. Rxc7+ Kxc7 42. f6 Qf8 43. Qg7+ 1-0

[Event "Challenge"]
[Site "http://www.queenalice.com/game.php?id=724715"]
[Date "2010.2.2"]
[Round "-"]
[White "LukeKovacs"]
[Black "Zwaanman"]
[Result "0-1"]
[WhiteElo "1297"]
[BlackElo "1511"]

1. e4 Nf6 2. e5 Nd5 3. Bc4 Nb6 4. Bb3 d5 5. d3 e6 6. c4 N6d7 7. cxd5 exd5 8.
Bxd5 Nxe5 9. d4 Ng4 10. Qf3 Bb4+ 11. Bd2 a5 12. Bxb7 Ra7 13. Bd5 Bxd2+ 14. Kxd2
c6 15. Bc4 Qxd4+ 16. Bd3 Nxf2 17. Qe2+ Kf8 18. Nf3 Qf4+ 19. Ke1 Nxh1 20. Nc3 Qg4
21. Rd1 Re7 22. h3 Qg3+ 0-1

[Event "Cumgobler Challenge"]
[Site "http://www.queenalice.com/game.php?id=730009"]
[Date "2010.2.11"]
[Round "-"]
[White "Zwaanman"]
[Black "purplereign"]
[Result "1-0"]
[WhiteElo "1506"]
[BlackElo "1383"]

1. d4 d5 2. c3 Bf5 3. e3 Bxb1 4. Rxb1 c6 5. Nf3 Qd7 6. Ne5 Qd6 7. f4 f6 8. Nd3
e6 9. Qh5+ g6 10. Qf3 Nd7 11. g3 O-O-O 12. b4 f5 13. Ba3 h5 14. Nc5 Ndf6 15. b5
Qc7 16. Nxe6 Qd7 17. Nxd8 Qxd8 18. Bc1 Rh7 19. bxc6 bxc6 20. Ba6+ Kd7 21. Qe2
Nh6 22. h3 Ne4 23. Rb7+ Ke8 24. Rxh7 Nxg3 25. Qg2 h4 26. Rg1 Qd6 27. Qb2 Qd8 28.
Rxa7 Qa5 29. Qb8+ Qd8 30. Qe5+ Be7 31. Ba3 Ng8 32. Bxe7 Nxe7 33. Qh8+ 1-0

[Event "Newborn Cup"]
[Site "http://www.queenalice.com/game.php?id=747567"]
[Date "2010.3.17"]
[Round "-"]
[White "Zwaanman"]
[Black "purplereign"]
[Result "1-0"]
[WhiteElo "1517"]
[BlackElo "1384"]

1. d4 Nc6 2. Nc3 Nb4 3. a3 Nc6 4. f4 Na5 5. b3 d5 6. e3 Nh6 7. Bb5+ c6 8. Bd3
Bg4 9. Be2 Qd7 10. Bxg4 Nxg4 11. Qe2 g6 12. h3 Nf6 13. Nf3 Ne4 14. Nxe4 dxe4 15.
Ne5 Qe6 16. Bd2 b6 17. g4 Bh6 18. Qg2 O-O 19. Qxe4 Bg7 20. Bb4 Bxe5 21. fxe5 Nb7
22. O-O-O Qd5 23. Qd3 Qg2 24. Qa6 Rab8 25. Qxa7 Qe2 26. Qxb6 Qxe3+ 27. Kb1 f6
28. Bxe7 Rf7 29. Qc7 Nd8 30. Qxb8 Rxe7 31. Qxd8+ Kf7 32. Qd6 fxe5 33. Rhf1+ Ke8
34. Qxc6+ Rd7 35. Qe6+ Re7 36. Qc8# 1-0

[Event "Try again loser!"]
[Site "http://www.queenalice.com/game.php?id=760559"]
[Date "2010.4.13"]
[Round "-"]
[White "Zwaanman"]
[Black "purplereign"]
[Result "1-0"]
[WhiteElo "1544"]
[BlackElo "1373"]

1. d4 d5 2. c3 Bg4 3. f3 Bc8 4. g4 g6 5. h3 b5 6. b4 e6 7. a3 Qh4+ 8. Kd2 Bh6+
9. f4 Bxf4+ 10. Kc2 Bxc1 11. Nf3 Qh6 12. g5 Bxg5 13. Nxg5 Qxg5 14. Qd2 Qe7 15.
Qf4 Nc6 16. e3 e5 17. dxe5 Bf5+ 18. Kd1 Bxb1 19. Rxb1 a6 20. Bg2 Nxe5 21. Bxd5
Rd8 22. e4 Nd3 23. Bc6+ Rd7 24. Qd2 Qd6 25. Bxd7+ Qxd7 26. Kc2 Ne7 27. Qxd3 Qc8
28. Qd4 O-O 29. Qf6 Qd7 30. Rhd1 Qe6 31. e5 Qxh3 32. Qxe7 Qf5+ 33. Kb2 Qe6 34.
Qxc7 Rc8 35. Qd6 Rc6 36. Qd8+ Kg7 37. Qg5 h6 38. Qg3 g5 39. Rd6 Qc4 40. Rxc6
Qxc6 41. Rf1 Qc4 42. Rf6 Qe2+ 43. Kc1 Qh5 44. Qd3 Qh1+ 45. Rf1 Qh5 46. Qd7 g4
47. e6 Qg5+ 48. Kc2 Qg6+ 49. Kb2 Qxe6 50. Qd4+ Kg6 51. Qd3+ Kh5 52. Rh1+ Kg5 53.
Qd8+ Qf6 54. Qd2+ Qf4 55. Qd5+ Qf5 56. Rh5+ Kxh5 57. Qxf5+ Kh4 58. Qf6+ 1-0

[Event "Challenge"]
[Site "http://www.queenalice.com/game.php?id=775533"]
[Date "2010.5.14"]
[Round "-"]
[White "Zwaanman"]
[Black "sermino50"]
[Result "1-0"]
[WhiteElo "1556"]
[BlackElo "1327"]

1. d4 g6 2. e3 Nc6 3. c3 Nf6 4. g3 d5 5. Na3 Ne4 6. f3 Ng5 7. f4 Ne4 8. Bd3 Bg4
9. Qxg4 h5 10. Qd1 Na5 11. Bb5+ c6 12. Ba4 h4 13. b4 Nxc3 14. Qc2 Nxa4 15. Qxa4
Nc4 16. Nxc4 dxc4 17. gxh4 Rxh4 18. Nf3 Rg4 19. Rg1 b5 20. Qa6 Qd6 21. Rxg4
Qxb4+ 22. Bd2 c3 23. Qxc6+ 1-0

[Event "Challenge"]
[Site "http://www.queenalice.com/game.php?id=778007"]
[Date "2010.5.19"]
[Round "-"]
[White "purplereign"]
[Black "Zwaanman"]
[Result "0-1"]
[WhiteElo "1362"]
[BlackElo "1553"]

1. d4 e5 2. Be3 Nc6 3. Qd2 Nb4 4. Bg5 f6 5. Bh4 Be7 6. c3 Nd5 7. dxe5 fxe5 8.
Qxd5 Bxh4 9. Qxe5+ Qe7 10. Qh5+ Kd8 11. Qd5 Nf6 12. Qd4 Ne4 13. Nh3 Rf8 14. Nd2
Nxf2 15. Nxf2 Bxf2+ 16. Kd1 Bxd4 17. cxd4 Qe3 18. Rc1 Qxd4 0-1

[Event "Challenge"]
[Site "http://www.queenalice.com/game.php?id=781150"]
[Date "2010.5.26"]
[Round "-"]
[White "Zwaanman"]
[Black "Raeth"]
[Result "0-1"]
[WhiteElo "1561"]
[BlackElo "1607"]

1. d4 Nf6 2. e3 e6 3. c3 b6 4. g3 Bb7 5. f3 d5 6. Bb5+ Nbd7 7. Nh3 a6 8. Bd3 Bd6
9. Na3 c5 10. f4 cxd4 11. cxd4 Qe7 12. Ng5 Bb4+ 13. Bd2 Bxa3 14. bxa3 Qxa3 15.
Bc1 Qc3+ 16. Bd2 Qxd3 17. Nf3 Ne4 18. Qe2 Qxe2+ 19. Kxe2 Nxd2 20. Nxd2 Rc8 21.
h4 O-O 22. g4 Rc2 23. Kd1 Rfc8 24. Ke2 Nf6 25. Rhb1 b5 26. Ke1 Nxg4 27. Nf3 Nxe3
28. Nd2 Ng2+ 29. Ke2 Nxf4+ 30. Kd1 Ng2 31. Nf3 R8c3 32. Ne1 Ne3# 0-1

[Event "Challenge"]
[Site "http://www.queenalice.com/game.php?id=795316"]
[Date "2010.6.26"]
[Round "-"]
[White "Zwaanman"]
[Black "robertson"]
[Result "0-1"]
[WhiteElo "1508"]
[BlackElo "1564"]

1. d4 h6 2. e3 e6 3. c3 c6 4. g3 Nf6 5. b4 d5 6. Nf3 a5 7. Qa4 Bd7 8. Ne5 Bd6 9.
Nxd7 Nbxd7 10. Qb3 a4 11. Qb2 b5 12. f4 Nb6 13. Nd2 g5 14. h4 gxf4 15. exf4 Rg8
16. Rg1 Rg4 17. Qc2 Rxh4 18. gxh4 Qe7 19. Nf3 O-O-O 20. Nh2 Ne4 21. Nf3 f5 22.
Ne5 Bxe5 23. fxe5 Qxh4+ 24. Kd1 Nf2+ 25. Ke1 Nh3+ 26. Kd1 Nxg1 27. Qg2 Qh5+ 28.
Be2 Nxe2 29. Qxe2 Qh1+ 30. Kc2 Rg8 31. Bb2 Qh3 32. Qd1 Nc4 33. a3 Ne3+ 34. Kd2
Rg2+ 35. Qe2 Rxe2+ 36. Kxe2 Nc4 37. Bc1 Qxc3 38. Ra2 Qxc1 39. Kf2 Qe3+ 40. Kg2
f4 41. Kh2 f3 42. Rc2 Nxa3 43. Ra2 Nc4 44. Rb2 Nxb2 0-1